000 01057cam a22001934a 4500
005 20250605164120.0
008 250528s ||||||||||||||||||||||||d
035 _a18241
020 _a201964252
040 _aGR-AtMCL
_bgre
_dGR-AtMCL
_eAACR2
245 1 _aData Warehouse / From Architecture to Implementation
260 _bAddison-Wesley Publishing Company,
_c1997
300 _a434
520 _aThe most comprehensive, practical guide to designing, building, and implementing a data warehouse on the market today. Preface, Introduction, The Evolution of Data Warehousing, Principles of Data Warehousing, Conceptual Data Architecture, Introduction to the Logical Architecture, Creating the Data Asset, Business Data Warehouse Design, Unlocking the Data Asset for End Users, User Access to Information, Implementing the Data Warehouse, Obstacles to Implementation, Justifying the Warehouse, Data Warehouse Management, Looking to the Future, References, Index.
700 1 _aDevlin Barry
_94526
942 _cBK
999 _c3614
_d3614